|
|
|
|
| LEADER |
00000cam a2200000 7i4500 |
| 001 |
0000039749 |
| 005 |
20160315.0 |
| 008 |
140105 |
| 020 |
|
|
|a 9674170189
|
| 090 |
0 |
0 |
|a JF
|b JAW
|
| 245 |
0 |
0 |
|a Hadiah untuk Faridah
|
| 260 |
|
|
|a Selangor :
|b Penerbitan Gedung Ilmu ,
|c 2013
|
| 440 |
|
0 |
|a Siri kanak-kanak harmoni
|
| 500 |
|
|
|a Children ages 7-9 years old (orange)
|
| 650 |
|
0 |
|a Jawi
|
| 999 |
|
|
|a 0001260220
|b Book
|c Children Collection
|e Cawangan Pontian
|
| 999 |
|
|
|a 0001260222
|b Book
|c Children Collection
|e Cawangan AEON Kulaijaya
|
| 999 |
|
|
|a 0001260226
|b Book
|c Children Collection
|e Cawangan Bandar Penawar
|
| 999 |
|
|
|a 0001260227
|b Book
|c Children Collection
|e Cawangan Urban Transformation Centre
|
| 999 |
|
|
|a 0001260229
|b Book
|c Children Collection
|e Cawangan Bukit Gambir
|
| 999 |
|
|
|a 0001260230
|b Book
|c Children Collection
|e Cawangan Mersing
|
| 999 |
|
|
|a 0001260231
|b Book
|c Children Collection
|e Cawangan Tangkak
|
| 999 |
|
|
|a 0001260233
|b Book
|c Children Collection
|e Cawangan Tmn. Ungku Tun Aminah
|
| 999 |
|
|
|a 0001261877
|b Book
|c Children Collection
|e Perbadanan Perpustakaan Awam Johor
|
| 999 |
|
|
|a 0001261888
|b Book
|c Children Collection
|e Perbadanan Perpustakaan Awam Johor
|
| 999 |
|
|
|a 0001261889
|b Book
|c Children Collection
|e Perbadanan Perpustakaan Awam Johor
|